[Event "12th LCC English Rapid"]
[Site "London ENG"]
[Date "2021.12.11"]
[Round "5.5"]
[White "Gormally, Daniel W"]
[Black "Haria, Ravi"]
[Result "1-0"]
[WhiteTitle "GM"]
[BlackTitle "IM"]
[WhiteElo "2483"]
[BlackElo "2490"]
[WhiteFideId "406465"]
[BlackFideId "415820"]
[EventDate "2021.12.11"]

1. d4 e6 2. Nf3 Nf6 3. c4 d5 4. g3 Be7 5. Bg2 O-O 6. Nbd2 b6 7. O-O Bb7 8. cxd5
exd5 9. b3 Nbd7 10. Bb2 Re8 11. Ne5 Bd6 12. Ndc4 Bf8 13. Rc1 Ne4 14. Nxd7 Qxd7
15. Ne5 Qd8 16. Qc2 Bd6 17. f3 Nf6 18. e4 Bxe5 19. dxe5 Nd7 20. Qxc7 Nc5 21.
Rxc5 bxc5 22. Qxb7 dxe4 23. Qxe4 a5 24. f4 Qd2 25. Rf2 Qd1+ 26. Bf1 a4 27. Kg2
axb3 28. axb3 Rad8 29. Bc4 Rd2 30. e6 fxe6 31. Bxe6+ Kh8 32. Bxg7+ 1-0

[Event "12th LCC English Rapid"]
[Site "London ENG"]
[Date "2021.12.12"]
[Round "6.1"]
[White "Ghasi, Ameet K"]
[Black "Haria, Ravi"]
[Result "1/2-1/2"]
[WhiteTitle "IM"]
[BlackTitle "IM"]
[WhiteElo "2485"]
[BlackElo "2490"]
[WhiteFideId "409200"]
[BlackFideId "415820"]
[EventDate "2021.12.11"]

1. Nf3 Nf6 2. g3 d5 3. Bg2 e6 4. O-O Be7 5. d3 c5 6. Nbd2 Nc6 7. e4 b6 8. Re1
Bb7 9. h4 Qc7 10. c3 h6 11. Qe2 dxe4 12. dxe4 Rd8 13. Nc4 e5 14. Ne3 Na5 15. Nf5
Bxe4 16. Nxg7+ Kf8 17. Nh5 Bd3 18. Qxe5 Qxe5 19. Rxe5 Nc4 20. Nf4 Nxe5 21. Nxe5
Be4 22. Be3 Bxg2 23. Kxg2 Nd5 24. Nxd5 Rxd5 25. Nc6 Rd7 26. Ne5 Rd5 27. Nc6 a6
28. a4 Bd6 29. c4 Rd3 30. a5 bxa5 31. Rxa5 Kg7 32. Rxa6 Re8 33. Na5 Re6 34. Nb7
Be7 35. Rxe6 fxe6 36. Bxc5 Kf7 37. Be3 Rb3 38. Na5 Rxb2 39. Nc6 Bf8 40. Ne5+ Kg8
41. Kf3 Rc2 42. Ke4 h5 43. Kd3 Ra2 44. Ng6 Bd6 45. c5 Bc7 46. Ke4 Kf7 47. Nf4
Ra4+ 48. Kf3 Bxf4 49. Bxf4 Rc4 50. Be3 e5 51. Ke2 Ke6 52. Kd3 Kd5 53. Kd2 Ra4
54. Kc3 Rc4+ 55. Kb3 Re4 56. Kc3 Rc4+ 57. Kd3 Ra4 1/2-1/2

[Event "12th LCC English Rapid"]
[Site "London ENG"]
[Date "2021.12.12"]
[Round "6.2"]
[White "Speelman, Jon S"]
[Black "Gormally, Daniel W"]
[Result "1/2-1/2"]
[WhiteTitle "GM"]
[BlackTitle "GM"]
[WhiteElo "2504"]
[BlackElo "2483"]
[WhiteFideId "400033"]
[BlackFideId "406465"]
[EventDate "2021.12.11"]

1. Nf3 Nf6 2. d4 g6 3. Bg5 Bg7 4. Nbd2 O-O 5. e3 d6 6. Be2 Nc6 7. O-O Qe8 8. c3
e5 9. a4 a5 10. Bb5 Bd7 11. dxe5 dxe5 12. e4 h6 13. Be3 Qe7 14. Re1 Ng4 15. Nf1
Rad8 16. Qb3 Kh7 17. Rad1 f5 18. Bc4 b6 19. h3 Nxe3 20. Nxe3 fxe4 21. Nd5 Qc5
22. Rxe4 Bf5 23. Rh4 Kh8 24. Ne3 e4 25. Rxd8 Nxd8 26. Nd4 Qe7 27. Ndxf5 gxf5 28.
Rf4 Qg5 29. g3 Be5 30. Rh4 Bxg3 31. fxg3 Qxe3+ 32. Kg2 Nc6 33. Qb5 Rd8 34. Qxf5
Rd2+ 35. Kh1 Rd1+ 36. Bf1 Qf3+ 37. Qxf3 exf3 38. Kg1 Ne5 39. Rd4 Rb1 40. b4 Rc1
41. bxa5 bxa5 42. Re4 Nd3 43. Re3 Nc5 44. Kf2 Nxa4 45. c4 Nc3 46. Re8+ Kg7 47.
Re7+ Kf6 48. Rxc7 Ne4+ 49. Kxf3 Nd2+ 50. Kf2 Nxf1 51. Ra7 Nd2 52. Ra6+ Ke5 53.
Rxa5+ Ke4 54. g4 Rxc4 55. Kg3 Rc6 56. Kh4 Nf3+ 57. Kh5 Ne5 58. Ra4+ Ke3 59. g5
hxg5 60. Kxg5 Nf3+ 61. Kf5 Rc5+ 62. Ke6 Rh5 63. Ra3+ Kf4 64. Ra4+ Kg3 65. Rg4+
Kxh3 66. Rg8 Kh4 67. Kd6 Ng5 68. Kd5 Kg4 69. Ke5 Rh6 70. Ra8 Re6+ 71. Kd5 Re2
72. Ra1 Kf4 73. Rf1+ Nf3 74. Kd6 Rd2+ 75. Ke6 Ke4 76. Ke7 Ra2 77. Kd6 Ra5 78.
Rb1 Rd5+ 79. Ke6 Nd4+ 80. Kf6 Rd6+ 81. Kg5 Nf3+ 82. Kh5 Kf4 83. Rb4+ Kg3 84.
Rg4+ Kh3 85. Ra4 1/2-1/2

[Event "12th LCC English Rapid"]
[Site "London ENG"]
[Date "2021.12.12"]
[Round "6.3"]
[White "Harvey, Marcus R"]
[Black "Adams, Michael"]
[Result "1/2-1/2"]
[WhiteTitle "FM"]
[BlackTitle "GM"]
[WhiteElo "2464"]
[BlackElo "2700"]
[WhiteFideId "400092"]
[BlackFideId "400041"]
[EventDate "2021.12.11"]

1. c4 e5 2. Nc3 Nf6 3. Nf3 Nc6 4. e3 Bb4 5. Qc2 d6 6. Be2 O-O 7. d4 Bg4 8. d5
Ne7 9. a3 Bf5 10. Qb3 Bxc3+ 11. Qxc3 Ne4 12. Qb3 a5 13. Qd1 a4 14. Nh4 Bd7 15.
g3 Nc5 16. O-O Ng6 17. Nxg6 fxg6 18. f3 Qf6 19. Kg2 g5 20. e4 g4 21. Be3 Nb3 22.
Rb1 Qg6 23. Qd3 gxf3+ 24. Rxf3 Bg4 25. Rxf8+ Rxf8 26. Re1 Qh5 27. Bxg4 Qxg4 28.
Bf2 b6 29. Qe2 Qg6 30. Bg1 h5 31. Rf1 Rxf1 32. Kxf1 Qxe4 33. Qxe4 Nd2+ 34. Ke2
Nxe4 35. Kd3 Nf6 36. Kc3 e4 37. h3 Nd7 38. Kb4 Nc5 39. Kb5 Nd3 40. Bd4 Ne5 41.
Kxa4 Nxc4 42. Kb5 Ne5 43. Ka6 Nc4 44. Kb5 Ne5 45. Ka6 Nc4 46. Kb5 1/2-1/2

[Event "12th LCC English Rapid"]
[Site "London ENG"]
[Date "2021.12.12"]
[Round "6.4"]
[White "Horton, Andrew P"]
[Black "McShane, Luke J"]
[Result "1-0"]
[WhiteTitle "IM"]
[BlackTitle "GM"]
[WhiteElo "2366"]
[BlackElo "2655"]
[WhiteFideId "424269"]
[BlackFideId "404853"]
[EventDate "2021.12.11"]

1. d4 Nf6 2. c4 g6 3. g3 Bg7 4. Bg2 O-O 5. Nc3 d6 6. Nf3 Nbd7 7. O-O e5 8. e4 c6
9. h3 Qa5 10. Be3 exd4 11. Nxd4 Nb6 12. Nb3 Qa6 13. c5 Nc4 14. Bd4 dxc5 15. Nxc5
Qa5 16. Qe2 Nb6 17. a3 Nbd7 18. b4 Qc7 19. Rad1 Re8 20. Rfe1 b6 21. Nxd7 Nxd7
22. Bxg7 Kxg7 23. f4 f6 24. Qd2 Re7 25. Rc1 Qd8 26. b5 Bb7 27. e5 Nc5 28. Qxd8
Rxd8 29. bxc6 Bc8 30. exf6+ Kxf6 31. Nd5+ Rxd5 32. Bxd5 Rc7 33. g4 g5 34. fxg5+
Kxg5 35. Re3 Ba6 36. Rce1 Nd3 37. Re7 Rc8 38. R1e3 Nf4 39. Bh1 Rd8 40. Rd7 Rf8
41. Re5+ Kh6 42. Rf5 Ne2+ 43. Kh2 Re8 44. h4 Kg6 45. h5+ Kh6 46. Bf3 Rg8 47.
Rd6+ Kg7 48. Rg5+ Kh8 49. Rxg8+ Kxg8 50. Bxe2 Bxe2 51. c7 Bxg4 52. Rd8+ 1-0

[Event "12th LCC English Rapid"]
[Site "London ENG"]
[Date "2021.12.12"]
[Round "6.5"]
[White "Jones, Gawain C B"]
[Black "Trent, Lawrence"]
[Result "1-0"]
[WhiteTitle "GM"]
[BlackTitle "IM"]
[WhiteElo "2665"]
[BlackElo "2401"]
[WhiteFideId "409561"]
[BlackFideId "408638"]
[EventDate "2021.12.11"]

1. e4 g6 2. d4 Bg7 3. Nc3 c6 4. f4 Qb6 5. Nf3 d5 6. e5 Bg4 7. a3 Nh6 8. Be2 Bxf3
9. Bxf3 Nf5 10. Ne2 h5 11. g3 e6 12. c3 c5 13. dxc5 Qxc5 14. Nd4 Nc6 15. Nxf5
gxf5 16. Qd3 h4 17. Be3 Qa5 18. b4 Qc7 19. Kf2 O-O-O 20. c4 d4 21. Bd2 f6 22.
exf6 Bxf6 23. Rae1 Qd7 24. b5 Ne7 25. Qe2 d3 26. Qxe6 Bd4+ 27. Kg2 h3+ 28. Kf1
Qxe6 29. Rxe6 Kd7 30. Re1 b6 31. Bb4 Bc5 32. Bxc5 bxc5 33. Re5 Nc8 34. Kf2 Nb6
35. Rd1 Kc7 36. Rxf5 Kb8 37. Rxc5 Na4 38. Rd5 Nc3 39. Rxd8+ Rxd8 40. Rc1 Na2 41.
Rd1 Nc3 42. Rd2 Nb1 43. Rb2 Nxa3 44. Bd5 Nc2 45. Rb3 1-0

[Event "12th LCC English Rapid"]
[Site "London ENG"]
[Date "2021.12.12"]
[Round "7.1"]
[White "Trent, Lawrence"]
[Black "Ghasi, Ameet K"]
[Result "0-1"]
[WhiteTitle "IM"]
[BlackTitle "IM"]
[WhiteElo "2401"]
[BlackElo "2485"]
[WhiteFideId "408638"]
[BlackFideId "409200"]
[EventDate "2021.12.11"]

1. Nc3 d5 2. d4 Nf6 3. Bf4 e6 4. e3 Bb4 5. Ne2 O-O 6. a3 Be7 7. h4 c5 8. h5 Nc6
9. Qd2 b5 10. f3 a6 11. g4 Nd7 12. Kf2 Bb7 13. Rd1 Bh4+ 14. Bg3 Be7 15. Bg2 Rc8
16. Nb1 Qb6 17. Kg1 a5 18. Bf2 b4 19. a4 Ba6 20. Ng3 cxd4 21. exd4 Bd6 22. f4
Qc7 23. Be3 Ne7 24. Rc1 Nf6 25. Bf3 Bb7 26. Rh2 Ne4 27. Bxe4 dxe4 28. c4 bxc3
29. Nxc3 Qd7 30. Ngxe4 Bb4 31. Nc5 Bxc5 32. dxc5 Qc6 33. Qf2 Rcd8 34. h6 g6 35.
Bd4 f6 36. Qe3 Nd5 37. Nxd5 Rxd5 38. Re1 e5 39. Bc3 Re8 40. fxe5 Qe6 41. Qg3
fxe5 42. Rhe2 Qc6 43. Kh2 Qxc5 44. Qh4 Qd6 45. Qg5 e4+ 0-1

[Event "12th LCC English Rapid"]
[Site "London ENG"]
[Date "2021.12.12"]
[Round "7.2"]
[White "McShane, Luke J"]
[Black "Jones, Gawain C B"]
[Result "1/2-1/2"]
[WhiteTitle "GM"]
[BlackTitle "GM"]
[WhiteElo "2655"]
[BlackElo "2665"]
[WhiteFideId "404853"]
[BlackFideId "409561"]
[EventDate "2021.12.11"]

1. e4 c5 2. Nf3 d6 3. Bb5+ Bd7 4. Bxd7+ Qxd7 5. O-O Nc6 6. c4 g6 7. d4 cxd4 8.
Nxd4 Bg7 9. Be3 Nf6 10. f3 Rc8 11. Nc3 Nxd4 12. Qxd4 O-O 13. Qd3 Qc7 14. b3 Qa5
15. Rac1 Rfd8 16. Bd4 1/2-1/2

[Event "12th LCC English Rapid"]
[Site "London ENG"]
[Date "2021.12.12"]
[Round "7.4"]
[White "Gormally, Daniel W"]
[Black "Harvey, Marcus R"]
[Result "0-1"]
[WhiteTitle "GM"]
[BlackTitle "FM"]
[WhiteElo "2483"]
[BlackElo "2464"]
[WhiteFideId "406465"]
[BlackFideId "400092"]
[EventDate "2021.12.11"]

1. d4 Nf6 2. c4 e6 3. Nf3 b6 4. g3 Bb7 5. Bg2 c5 6. d5 exd5 7. Nh4 g6 8. O-O Bg7
9. Nc3 O-O 10. cxd5 d6 11. e4 Re8 12. a4 a6 13. h3 Nbd7 14. Kh2 c4 15. Be3 Qc8
16. f4 Nc5 17. e5 Nfd7 18. Bxc5 Nxc5 19. Ne4 Nxe4 20. Bxe4 f5 21. e6 fxe4 22. f5
Qd8 23. fxg6 hxg6 24. Qg4 Bxd5 25. Rf7 Rxe6 26. Raf1 Qe8 27. Rxg7+ Kxg7 28. Nf5+
Kh7 29. Qh4+ Kg8 30. Nh6+ Kg7 31. Qg5 Re5 32. Nf5+ Kg8 0-1

[Event "12th LCC English Rapid"]
[Site "London ENG"]
[Date "2021.12.12"]
[Round "7.5"]
[White "Haria, Ravi"]
[Black "Speelman, Jon S"]
[Result "1/2-1/2"]
[WhiteTitle "IM"]
[BlackTitle "GM"]
[WhiteElo "2490"]
[BlackElo "2504"]
[WhiteFideId "415820"]
[BlackFideId "400033"]
[EventDate "2021.12.11"]

1. e4 c6 2. Nf3 d5 3. d3 g6 4. e5 Bg7 5. d4 Bg4 6. Nbd2 c5 7. Bb5+ Bd7 8. Bxd7+
Nxd7 9. c3 e6 10. O-O Ne7 11. Nb3 Qc7 12. Nxc5 Nxc5 13. dxc5 Qxc5 14. Bf4 Nc6
15. Qd2 h6 16. Rfe1 g5 17. Bg3 O-O-O 18. Nd4 Kb8 19. a4 Nxd4 20. cxd4 Qc6 21.
Rec1 Qd7 22. b3 Rc8 23. h4 Qe7 24. h5 Rhd8 25. Qd3 Bf8 26. Qh7 Ka8 27. Qd3 Kb8
28. Qh7 Ka8 29. Qb1 Rc7 30. Ra2 Rxc1+ 31. Qxc1 Kb8 32. Rc2 Qb4 33. Qe3 Be7 34.
Kh2 a6 35. Qd3 Rh8 36. f3 Bd8 37. Bf2 Ba5 38. Rc1 Qe7 39. Rc2 Bb4 40. Qe3 Rg8
41. g4 Qd7 42. Qd3 Rh8 43. Kg2 Qe7 44. Bg3 Qd7 45. Kh3 Qe7 46. f4 gxf4 47. Bxf4
Be1 48. Bg3 Bxg3 49. Qxg3 Rg8 50. Qe3 Qb4 51. Qc3 Qe7 52. Qe3 Qb4 53. Qc3 Qe7 1/2-1/2

[Event "12th LCC English Rapid"]
[Site "London ENG"]
[Date "2021.12.12"]
[Round "8.1"]
[White "Ghasi, Ameet K"]
[Black "Speelman, Jon S"]
[Result "1/2-1/2"]
[WhiteTitle "IM"]
[BlackTitle "GM"]
[WhiteElo "2485"]
[BlackElo "2504"]
[WhiteFideId "409200"]
[BlackFideId "400033"]
[EventDate "2021.12.11"]

1. Nf3 Nf6 2. g3 d5 3. Bg2 c6 4. O-O Bg4 5. h3 Bxf3 6. Bxf3 e5 7. d3 Bc5 8. c4
dxc4 9. Qc2 Nbd7 10. Qxc4 Qe7 11. Nc3 O-O 12. Bd2 h6 13. Rac1 a5 14. Qb3 Rfb8
15. Na4 Bd6 16. Be3 Ra6 17. Qc2 Qe6 18. g4 Qxa2 19. Qc4 Qxc4 20. dxc4 b5 21.
cxb5 cxb5 22. Nc3 a4 23. Ne4 Bf8 24. Nxf6+ Nxf6 25. Rc6 Rxc6 26. Bxc6 a3 27.
bxa3 Bxa3 28. Ba7 Rc8 29. Bxb5 Bc5 30. Ba6 Rc6 31. Bb5 Rc7 32. Bxc5 Rxc5 33. Ba6
g6 1/2-1/2

[Event "12th LCC English Rapid"]
[Site "London ENG"]
[Date "2021.12.12"]
[Round "8.2"]
[White "Harvey, Marcus R"]
[Black "Haria, Ravi"]
[Result "0-1"]
[WhiteTitle "FM"]
[BlackTitle "IM"]
[WhiteElo "2464"]
[BlackElo "2490"]
[WhiteFideId "400092"]
[BlackFideId "415820"]
[EventDate "2021.12.11"]

1. c4 e6 2. Nf3 d5 3. e3 Nf6 4. Nc3 b6 5. cxd5 exd5 6. Qc2 Bb7 7. Bb5+ c6 8. Be2
Nbd7 9. b3 Bd6 10. Bb2 O-O 11. O-O Qe7 12. d4 b5 13. Bd3 b4 14. Ne2 Ne4 15. Ng3
f5 16. Be2 Rae8 17. Nxe4 fxe4 18. Ne5 Nxe5 19. dxe5 Bxe5 20. Bxe5 Qxe5 21. a3
Re6 22. axb4 Rh6 23. h3 Bc8 24. f4 exf3 25. Bxf3 Rxf3 26. gxf3 Rxh3 27. f4 Rg3+
28. Kh2 Qxe3 29. Qf2 Rh3+ 30. Kg1 Rg3+ 31. Kh2 Rh3+ 32. Kg1 Qe4 33. Qg2 Qd4+ 34.
Qf2 Qe4 35. Qg2 Qd4+ 36. Qf2 Qf6 37. Qg2 Rh6 38. Rae1 Bh3 39. Qg5 Bxf1 40. Qxf6
Rxf6 41. Rxf1 g5 42. f5 Kf7 43. Kg2 Ke7 44. Ra1 Rxf5 45. Rxa7+ Kd6 46. Rxh7 Rf4
47. Rb7 Rd4 48. Kg3 Rd3+ 49. Kg4 Rxb3 50. Kxg5 d4 51. Kf4 Kd5 52. Rd7+ Kc4 53.
Rd6 Rxb4 54. Rxc6+ Kd3 55. Ra6 Rb8 56. Ra3+ Kc4 57. Ra4+ Kc3 58. Ra3+ Kb4 59.
Ra1 Re8 60. Kf3 d3 61. Kf2 d2 62. Rb1+ Kc3 63. Ra1 Kb2 64. Rd1 Kc2 65. Ra1 d1=Q 0-1

[Event "12th LCC English Rapid"]
[Site "London ENG"]
[Date "2021.12.12"]
[Round "8.3"]
[White "Horton, Andrew P"]
[Black "Gormally, Daniel W"]
[Result "1/2-1/2"]
[WhiteTitle "IM"]
[BlackTitle "GM"]
[WhiteElo "2366"]
[BlackElo "2483"]
[WhiteFideId "424269"]
[BlackFideId "406465"]
[EventDate "2021.12.11"]

1. d4 Nf6 2. c4 e6 3. g3 c5 4. Nf3 cxd4 5. Nxd4 Qc7 6. Nd2 b6 7. Bg2 Bb7 8. O-O
Bxg2 9. Kxg2 Nc6 10. N2f3 Bc5 11. Nb5 Qb7 12. Nd6+ Bxd6 13. Qxd6 Ne4 14. Qd3 f5
15. b3 O-O 16. Kg1 Rad8 17. Ba3 Rfe8 18. Bd6 Ne7 19. Rfd1 Nc8 20. Be5 d6 21. Bb2
Qf7 22. Nd2 d5 23. Nf3 f4 24. Ne5 Qf5 25. g4 Qg5 26. f3 Nf6 27. Kh1 Ne7 28. Qd4
Ng6 29. Nxg6 hxg6 30. Qe5 Qxe5 31. Bxe5 g5 32. Bxf6 gxf6 33. cxd5 Rxd5 34. Rxd5
exd5 35. Re1 Rc8 36. Kg1 Rc2 37. a4 Rb2 38. Rd1 Rxe2 39. Rxd5 Re3 40. Kf2 Rxb3
41. Rd8+ Kf7 42. Rd7+ Ke6 43. Rxa7 Rb2+ 44. Kg1 Kd5 45. a5 bxa5 46. Rxa5+ Kd4
47. Ra3 Rd2 48. Ra1 Ke3 49. Ra3+ Kd4 50. Rb3 Re2 51. Ra3 Re3 52. Ra4+ Kd3 53.
Kf2 Re2+ 54. Kg1 Re1+ 1/2-1/2

[Event "12th LCC English Rapid"]
[Site "London ENG"]
[Date "2021.12.12"]
[Round "8.4"]
[White "Jones, Gawain C B"]
[Black "Adams, Michael"]
[Result "1/2-1/2"]
[WhiteTitle "GM"]
[BlackTitle "GM"]
[WhiteElo "2665"]
[BlackElo "2700"]
[WhiteFideId "409561"]
[BlackFideId "400041"]
[EventDate "2021.12.11"]

1. e4 e5 2. Nf3 Nc6 3. Bc4 Bc5 4. d3 Nf6 5. O-O O-O 6. Re1 d6 7. c3 h6 8. h3 a5
9. Nbd2 Be6 10. Bb5 Ba7 11. Nf1 Ne7 12. d4 Ng6 13. Ng3 c6 14. Bd3 Qc7 15. Be3
Rfe8 16. a4 Bb6 17. Qc2 Bd7 18. Qd2 Kh7 19. Nf5 Bxf5 20. exf5 Nf8 21. dxe5 Bxe3
22. Qxe3 dxe5 23. Nxe5 N8d7 24. f4 Re7 25. Qg3 Rae8 26. Nxf7 Rxe1+ 27. Rxe1
Rxe1+ 28. Qxe1 Qxf4 29. Qe7 b6 30. Qd8 1/2-1/2

[Event "12th LCC English Rapid"]
[Site "London ENG"]
[Date "2021.12.12"]
[Round "8.5"]
[White "Trent, Lawrence"]
[Black "McShane, Luke J"]
[Result "0-1"]
[WhiteTitle "IM"]
[BlackTitle "GM"]
[WhiteElo "2401"]
[BlackElo "2655"]
[WhiteFideId "408638"]
[BlackFideId "404853"]
[EventDate "2021.12.11"]

1. Nc3 d5 2. d4 Nf6 3. Bf4 c6 4. e3 Bf5 5. Bd3 Bxd3 6. Qxd3 e6 7. Nf3 Be7 8. h3
Qb6 9. O-O Qa6 10. Bxb8 Qxd3 11. cxd3 Rxb8 12. Rab1 a5 13. Rfc1 Bd6 14. Na4 Ke7
15. a3 Ra8 16. Nd2 Nd7 17. Nb3 e5 18. Kf1 g6 19. dxe5 Nxe5 20. Ke2 Ra7 21. Nd4
Ra6 22. Rc2 Nd7 23. Rbc1 h5 24. Nb3 Ra7 25. Nd4 Rha8 26. Kd2 Ra6 27. Nb3 Nf6 28.
Nbc5 R6a7 29. Nb6 Rb8 30. Ke2 Bxc5 31. Rxc5 a4 32. b3 axb3 33. a4 Nd7 34. Nxd7
Kxd7 35. Rb1 Rxa4 36. Rxb3 b5 37. Rc1 Rba8 38. Rbc3 R8a6 39. Kf3 Ra3 40. Rxa3
Rxa3 41. d4 Ra2 42. Rb1 Kc7 43. g4 hxg4+ 44. hxg4 Kb6 45. Kg3 Ka5 46. Rc1 Kb6
47. Rb1 Rc2 48. g5 c5 49. dxc5+ Kxc5 50. Ra1 b4 51. Ra7 b3 52. Rxf7 Kb6 53. Rf8
Rc7 54. Rb8+ Rb7 55. Rh8 b2 56. Rh1 Kc5 57. Rb1 Kc4 58. Kf4 Rf7+ 0-1

[Event "12th LCC English Rapid"]
[Site "London ENG"]
[Date "2021.12.12"]
[Round "9.1"]
[White "McShane, Luke J"]
[Black "Ghasi, Ameet K"]
[Result "1-0"]
[WhiteTitle "GM"]
[BlackTitle "IM"]
[WhiteElo "2655"]
[BlackElo "2485"]
[WhiteFideId "404853"]
[BlackFideId "409200"]
[EventDate "2021.12.11"]

1. e4 c6 2. Nf3 d5 3. Nc3 Bg4 4. h3 Bxf3 5. Qxf3 e6 6. Be2 Bc5 7. Qg3 Bd4 8. O-O
Ne7 9. exd5 exd5 10. Bd1 Nd7 11. Ne2 Be5 12. Qf3 O-O 13. d4 Bd6 14. c3 Ng6 15.
Bc2 Qf6 16. Qxf6 Nxf6 17. g3 Rfe8 18. Bd3 Re6 19. c4 dxc4 20. Bxc4 Nd5 21. Nc3
Nge7 22. Bg5 Rg6 23. Bd2 Bc7 24. Rad1 Rd8 25. Rfe1 Bb6 26. Bc1 Ba5 27. Rd3 Kf8
28. Re2 Nf5 29. Nxd5 cxd5 30. Bb3 Bb6 31. Be3 Re6 32. Red2 Nxe3 33. fxe3 Rg6 34.
Rg2 Bc7 35. g4 Rc6 36. Rf2 Rf6 37. Rxf6 gxf6 38. Rc3 Bb6 39. Rc2 f5 40. gxf5 Ke7
41. Rf2 Kf6 42. Rf4 h6 43. Kf2 Bc7 44. Rf3 Bb8 45. Ke2 b5 46. Rf1 a5 47. a3 Rd7
48. Rc1 Ba7 49. Rc6+ Kg5 50. Ra6 Re7 51. Kd3 Kxf5 52. Rxa5 Kg5 53. Bxd5 Kh4 54.
Rxb5 Kxh3 55. Rb7 Rxb7 56. Bxb7 Kg3 57. b4 f5 58. a4 Bb8 59. a5 Bc7 60. a6 Bb6
61. d5 1-0

[Event "12th LCC English Rapid"]
[Site "London ENG"]
[Date "2021.12.12"]
[Round "9.3"]
[White "Gormally, Daniel W"]
[Black "Jones, Gawain C B"]
[Result "0-1"]
[WhiteTitle "GM"]
[BlackTitle "GM"]
[WhiteElo "2483"]
[BlackElo "2665"]
[WhiteFideId "406465"]
[BlackFideId "409561"]
[EventDate "2021.12.11"]

1. e4 e5 2. Nf3 Nc6 3. Bb5 a6 4. Ba4 Nf6 5. O-O Bc5 6. c3 b5 7. Bb3 d6 8. d4 Bb6
9. Be3 O-O 10. Nbd2 h6 11. h3 Bb7 12. Re1 exd4 13. cxd4 Nb4 14. Qb1 c5 15. e5
Nfd5 16. a3 c4 17. axb4 cxb3 18. Ne4 dxe5 19. Bd2 exd4 20. Qd3 Rc8 21. Nc5 Nxb4
22. Bxb4 Bxc5 23. Bxc5 Rxc5 24. Qxd4 Rc2 25. Qb4 Rxb2 26. Ne5 Qd5 27. Qg4 Rd2
28. Nf3 Rd3 29. Ne5 Rd4 30. Qg3 Rd8 31. Rab1 Re4 32. Ng4 Rxe1+ 33. Rxe1 Kh8 34.
f3 b2 35. Qc7 Qd1 36. Rxd1 Rxd1+ 37. Kh2 b1=Q 38. Qxb7 Rh1+ 39. Kg3 Qe1+ 40. Kf4
g5+ 41. Kf5 Qe6# 0-1

[Event "12th LCC English Rapid"]
[Site "London ENG"]
[Date "2021.12.12"]
[Round "9.4"]
[White "Haria, Ravi"]
[Black "Horton, Andrew P"]
[Result "0-1"]
[WhiteTitle "IM"]
[BlackTitle "IM"]
[WhiteElo "2490"]
[BlackElo "2366"]
[WhiteFideId "415820"]
[BlackFideId "424269"]
[EventDate "2021.12.11"]

1. e4 e5 2. Nf3 Nc6 3. Bc4 Bc5 4. c3 Nf6 5. d3 a6 6. a4 Ba7 7. O-O d6 8. Re1 h6
9. Nbd2 g5 10. Nf1 g4 11. N3d2 h5 12. Ne3 Bd7 13. Ndf1 h4 14. b4 Rg8 15. a5 Ne7
16. Qb3 Rg7 17. d4 exd4 18. Nf5 Bxf5 19. exf5 d5 20. Bd3 Qd6 21. b5 g3 22. b6
gxf2+ 23. Kxf2 cxb6 24. Ba3 Qf4+ 25. Kg1 Ne4 26. Bxe4 dxe4 27. axb6 e3 28. Ra2
Bb8 29. cxd4 Nxf5 30. Rae2 Bd6 31. Bxd6 Qxd6 32. Nxe3 Qxd4 33. Kh1 Nxe3 34. Qa3
Kd7 35. Rxe3 Kc6 36. Qb3 Rg5 37. Qxf7 Kxb6 38. Re4 Qd5 39. Qf2+ Qc5 40. Rb1+ Ka7
41. Re7 Rb8 42. Qf6 h3 43. Re2 hxg2+ 44. Rxg2 Rxg2 45. Kxg2 Rg8+ 46. Kf1 Rf8 0-1

[Event "12th LCC English Rapid"]
[Site "London ENG"]
[Date "2021.12.12"]
[Round "9.5"]
[White "Speelman, Jon S"]
[Black "Harvey, Marcus R"]
[Result "1-0"]
[WhiteTitle "GM"]
[BlackTitle "FM"]
[WhiteElo "2504"]
[BlackElo "2464"]
[WhiteFideId "400033"]
[BlackFideId "400092"]
[EventDate "2021.12.11"]

1. d4 Nf6 2. Nf3 d5 3. c4 dxc4 4. e3 e6 5. Bxc4 a6 6. O-O b5 7. Be2 Nbd7 8. a4
b4 9. Nbd2 Bb7 10. Nc4 Be7 11. Na5 Bd5 12. Bc4 Nb6 13. Bxd5 Qxd5 14. Nb3 O-O 15.
a5 Nc4 16. Qc2 Ne4 17. Rd1 Rfd8 18. Bd2 Ncxd2 19. Nfxd2 Nxd2 20. Rxd2 Rac8 21.
Rc1 g6 22. Qc4 e5 23. Qxd5 Rxd5 24. Rc6 exd4 25. Rxd4 Rcd8 26. Kf1 Kg7 27. Ke2
Bf6 28. Rxd5 Rxd5 29. Rxa6 Bxb2 30. Rc6 Rd8 31. Rxc7 Be5 32. Rb7 Rc8 33. a6 Rc2+
34. Kf3 Ra2 35. a7 Bxh2 36. g3 Bg1 37. Nc1 Rxf2+ 38. Ke4 Rc2 39. a8=Q Rxc1 40.
Qa2 b3 41. Qb2+ 1-0